Podstatný determinant zmeny obchodných koncepcií - informačná a komunikačná technika

Obchodovanie a logistické činnosti v posledných 10 rokoch najviac pocítili účinok prieniku informačných technológií. Revolúcia v IT zásadným spôsobom zmenila svet marketingu. Konkurencia predajných kanálov sústavne rastie. Informačná technika vytvára nové možnosti pre strategický marketingový manažm...

Descripción completa

Guardado en:
Detalles Bibliográficos
Autor principal: Lipianska, Júlia
Otros Autores: Mariaš, Miroslav, Dzurová, Mária
Formato: Capítulo de libro
Lenguaje:eslovaco
Materias:
Etiquetas: Agregar Etiqueta
Sin Etiquetas, Sea el primero en etiquetar este registro!

MARC

LEADER 00000naa$a2200000$$$4500
001 0048430
005 20240522081957.0
041 0 |a slo 
044 |a PL 
245 1 0 |a Podstatný determinant zmeny obchodných koncepcií - informačná a komunikačná technika  |c Júlia Lipianska, Miroslav Mariaš, Mária Dzurová 
520 |a Obchodovanie a logistické činnosti v posledných 10 rokoch najviac pocítili účinok prieniku informačných technológií. Revolúcia v IT zásadným spôsobom zmenila svet marketingu. Konkurencia predajných kanálov sústavne rastie. Informačná technika vytvára nové možnosti pre strategický marketingový manažment. Používanie IT má za dôsledok štandardizáciu obchodných procesov. Presadzuje sa elektronické obchodovanie, elektronické bankovníctvo a s nimi súvisiaci elektronický marketing. IKT pomáha realizovať potreby elektronického obchodovania a personalizuje marketingové aktivity. 
610 2 0 |a technológie informačné 
610 2 0 |a technológie komunikačné 
610 2 0 |a obchod 
610 2 0 |a obchod elektronický 
610 2 0 |a marketing 
100 1 |a Lipianska, Júlia 
700 1 |a Mariaš, Miroslav 
700 1 |a Dzurová, Mária